| 000 | 00397nam a2200145Ia 4500 | ||
|---|---|---|---|
| 008 | 231129s2012||||xx |||||||||||||| ||spa|| | ||
| 020 | _a978-958-758-452-3 | ||
| 040 | _bspa | ||
| 082 | _a(i) A863 G982p | ||
| 100 | _austi seudónimo | ||
| 245 | 0 | _a¿Para qué sirven los dientes? | |
| 260 | _c2012 | ||
| 264 | _aBogotá Colombia : Alfaguara | ||
| 942 |
_2ddc _cBKS |
||
| 999 |
_c602 _d602 |
||